Pierwiastki - Statystyki

Ogólne statystyki
  • Ten quiz został rozwiązany 35 razy
  • Średni wynik to 22 z 25
Statystyki odpowiedzi
Hint Odpowiedź % Poprawnych
Wegiel C
100%
Potas K
100%
Fosfor P
100%
Beryl Be
96%
Brom Br
96%
Chlor Cl
96%
Flour F
96%
Żelazo Fe
96%
Wodór H
96%
Lit Li
96%
Magnez Mg
96%
Azot N
96%
Tlen O
96%
Siarka S
96%
Srebro Ag
93%
Złoto Au
93%
Wapń Ca
93%
Miedź Cu
85%
Sód Na
85%
Ołów Pb
85%
Krzem Si
78%
Cynk Zn
78%
Glin Al
74%
Rtęć Hg
70%
Cyna Sn
56%
Nie znaleziono quizów pasujących do podanych kryteriów
Rozkład punktacji
Procent ludzi z każdym wynikiem
Percentyl według liczby udzielonych odpowiedzi
Twoja historia wyników
Nie rozwiązałeś tego quizu